00491nam a22001577a 4500003000400000005001700004008004100021020002200062040000900084082002000093100002700113245002900140260005800169300001000227650009600237OSt20241219122309.0241219b |||||||| |||| 00| 0 eng d a978-93-85992-79-7 cSBCL a894.8123bKOD-K aKoduppanapolackal,Ancy aKelkkaatha Chirakadikal  aKottayambAn imprintbof indulekha media Networkc2023 a140p. 2Literature & rhetoricaLiteratures of other languavAltaic, Uralic, Hyperborean & Dravidian